000 00582nam a2200181 i 4500
001 136062
003 ES-MaACL
005 20230906195027.0
007 t|
008 070214s1958 sp |||| | spa d
100 1 _aRuiz Morales, Diego.
_9100878
245 1 0 _aMenudencias de Historia Taurina
_b: (siglo XIX) /
_cDiego Ruiz Morales.
260 _aMadrid :
_bUnión de Bibliófilos Taurinos,
_c1958.
300 _a30 p. ;
_c24 cm.
650 4 _aCorridas de toros-
_zMadrid-
_vHistoria.
_9138679
710 2 _aUnión de Bibliófilos Taurinos.
_97005
852 _aES-MaACL
_j2012-F-18
999 _c136062
_d136062